00685nam a2200241 a 4500001001300000003000900013005001700022008004100039020000900080082001600089100002400105245002100129260003800150300000900188500003500197505002400232650001800256700002400274902000800298942000700306952011500313999001500428nice12345678IN_TiNIC20260116012659.0050524s1982 dela grp 000 0 eng  ac1200a297.52bZAK aZakariyya, Muhammad aVirtues of Darud aDelhibIslamic Book Servicec1982 a190p aincludes index and biblioraphy2 aIndex, Bibliography aIslam-Prayers1 aZakariyya, Muhammad bSRS cBK 001040708StackRoom-aHMIbHMId2008-08-13g12.00l0o297.52 ZAKp011215r2008-08-13v12.00w2005-05-24yBK c7925d7925